5HLuxD.jpg

KING HENRY VIII SENIOR AND PRIMARY SCHOOL LIBRARY OPAC

Map : (Record no. 256)

000 -LEADER
fixed length control field 03108cam a22005177i 4500
001 - CONTROL NUMBER
control field 18855692
003 - CONTROL NUMBER IDENTIFIER
control field OSt
005 - DATE AND TIME OF LATEST TRANSACTION
control field 20190802143527.0
008 - FIXED-LENGTH DATA ELEMENTS--GENERAL INFORMATION
fixed length control field 151113s2015 enkab b 001 0 eng d
010 ## - LIBRARY OF CONGRESS CONTROL NUMBER
LC control number 2015462673
020 ## - INTERNATIONAL STANDARD BOOK NUMBER
International Standard Book Number 9780714869445 (hardback)
020 ## - INTERNATIONAL STANDARD BOOK NUMBER
International Standard Book Number 0714869449 (hardback)
035 ## - SYSTEM CONTROL NUMBER
System control number (OCoLC)ocn917375201
040 ## - CATALOGING SOURCE
Original cataloging agency ERASA
Language of cataloging eng
Transcribing agency ERASA
Description conventions rda
Modifying agency YDXCP
-- BDX
-- BTCTA
-- OAC
-- CDX
-- OCLCF
-- CLU
-- OCLCO
-- QGK
-- MAC
-- QGK
-- CHVBK
-- OUN
-- UAB
-- DLC
042 ## - AUTHENTICATION CODE
Authentication code lccopycat
082 04 - DEWEY DECIMAL CLASSIFICATION NUMBER
Classification number 912.09 MAP
245 00 - TITLE STATEMENT
Title Map :
Remainder of title exploring the world /
Statement of responsibility, etc. commissioning editor: Victoria Clarke ; editors: Rosie Pickles and Tim Cooke.
264 #1 - PRODUCTION, PUBLICATION, DISTRIBUTION, MANUFACTURE, AND COPYRIGHT NOTICE
Place of production, publication, distribution, manufacture London :
Name of producer, publisher, distributor, manufacturer Phaidon Press Limited,
Date of production, publication, distribution, manufacture, or copyright notice 2015.
300 ## - PHYSICAL DESCRIPTION
Extent 352 pages :
Other physical details color illustrations, color maps ;
Dimensions 30 cm
336 ## - CONTENT TYPE
Content type term text
Content type code txt
Source rdacontent
336 ## - CONTENT TYPE
Content type term still image
Content type code sti
Source rdacontent
336 ## - CONTENT TYPE
Content type term cartographic image
Content type code cri
Source rdacontent
337 ## - MEDIA TYPE
Media type term unmediated
Media type code n
Source rdamedia
338 ## - CARRIER TYPE
Carrier type term volume
Carrier type code nc
Source rdacarrier
504 ## - BIBLIOGRAPHY, ETC. NOTE
Bibliography, etc. note Includes bibliographical references and index.
520 8# - SUMMARY, ETC.
Summary, etc. 300 stunning maps from all periods and from all around the world, exploring and revealing what maps tell us about history and ourselves. Selected by an international panel of cartographers, academics, map dealers and collectors, the maps represent over 5,000 years of cartographic innovation drawing on a range of cultures and traditions. Comprehensive in scope, this book features all types of map from navigation and surveys to astronomical maps, satellite and digital maps, as well as works of art inspired by cartography. Unique curated sequence presents maps in thought-provoking juxtapositions for lively, stimulating reading. Features some of the most influential mapmakers and institutions in history, including Gerardus Mercator, Abraham Ortelius, Phyllis Pearson, Heinrich Berann, Bill Rankin, Ordnance Survey and Google Earth. Easy-to-use format, with large reproductions, authoritative texts and key caption information, it is the perfect introduction to the subject. Also features a comprehensive illustrated timeline of the history of cartography, biographies of leading cartographers and a glossary of cartographic terms.
650 #0 - SUBJECT ADDED ENTRY--TOPICAL TERM
Topical term or geographic name entry element Maps.
650 #0 - SUBJECT ADDED ENTRY--TOPICAL TERM
Topical term or geographic name entry element Maps
Form subdivision Pictorial works.
650 #0 - SUBJECT ADDED ENTRY--TOPICAL TERM
Topical term or geographic name entry element Maps in art.
650 #0 - SUBJECT ADDED ENTRY--TOPICAL TERM
Topical term or geographic name entry element Cartography.
650 #7 - SUBJECT ADDED ENTRY--TOPICAL TERM
Topical term or geographic name entry element Cartography.
Source of heading or term fast
Authority record control number or standard number (OCoLC)fst00848025
650 #7 - SUBJECT ADDED ENTRY--TOPICAL TERM
Topical term or geographic name entry element Maps.
Source of heading or term fast
Authority record control number or standard number (OCoLC)fst01008726
650 #7 - SUBJECT ADDED ENTRY--TOPICAL TERM
Topical term or geographic name entry element Maps in art.
Source of heading or term fast
Authority record control number or standard number (OCoLC)fst01008755
650 #7 - SUBJECT ADDED ENTRY--TOPICAL TERM
Topical term or geographic name entry element Karte.
Source of heading or term gnd
Authority record control number or standard number (DE-588)4029783-4
650 #7 - SUBJECT ADDED ENTRY--TOPICAL TERM
Topical term or geographic name entry element Bildkarte.
Source of heading or term gnd
Authority record control number or standard number (DE-588)4744722-9
650 #7 - SUBJECT ADDED ENTRY--TOPICAL TERM
Topical term or geographic name entry element Karte.
Source of heading or term gnd
Authority record control number or standard number (DE-588)4230602-4
650 #7 - SUBJECT ADDED ENTRY--TOPICAL TERM
Topical term or geographic name entry element Kognitive Landkarte.
Source of heading or term gnd
Authority record control number or standard number (DE-588)4164468-2
650 #7 - SUBJECT ADDED ENTRY--TOPICAL TERM
Topical term or geographic name entry element Fantasiekarte.
Source of heading or term gnd
Authority record control number or standard number (DE-588)4754466-1
655 #7 - INDEX TERM--GENRE/FORM
Genre/form data or focus term Pictorial works.
Source of term fast
Authority record control number or standard number (OCoLC)fst01423874
700 1# - ADDED ENTRY--PERSONAL NAME
Personal name Clarke, Victoria
Titles and other words associated with a name (Editor),
Relator term editor.
700 1# - ADDED ENTRY--PERSONAL NAME
Personal name Pickles, Rosie,
Relator term editor.
700 1# - ADDED ENTRY--PERSONAL NAME
Personal name Cooke, Tim
Titles and other words associated with a name (Editor with Phaidon Press),
Relator term editor.
906 ## - LOCAL DATA ELEMENT F, LDF (RLIN)
a 7
b cbc
c copycat
d 2
e ncip
f 20
g y-gencatlg
942 ## - ADDED ENTRY ELEMENTS (KOHA)
Source of classification or shelving scheme
Koha item type Books - Non Ficton
Holdings
Withdrawn status Lost status Source of classification or shelving scheme Damaged status Not for loan Collection code Permanent Location Current Location Shelving location Date acquired Full call number Barcode Date last seen Price effective from Koha item type
          Non-Fiction KH8 Senior School Library KH8 Senior School Library Non Fiction 2019-08-02 912.09 MAP 3KHSL000100200 2019-08-02 2019-08-02 Books - Non Ficton

Powered By KH8 IT Dept